Legislación hipotecaria concordada y comentada (Record no. 67430)

MARC details
000 -LEADER
campo de control de longitud fija 01211nam a2200313 i 4500
001 - NÚMERO DE CONTROL
campo de control 67430
003 - IDENTIFICADOR DE NÚMERO DE CONTROL
campo de control ES-MaACL
005 - FECHA Y HORA DE LA ÚLTIMA TRANSACCIÓN
campo de control 20250827062612.0
007 - CAMPO FIJO DE DESCRIPCIÓN FÍSICA--INFORMACIÓN GENERAL
campo de control de longitud fija t|
008 - DATOS DE LONGITUD FIJA--INFORMACIÓN GENERAL
campo de control de longitud fija 040526s2003 sp ||||0| spa d
020 ## - NÚMERO INTERNACIONAL ESTÁNDAR DEL LIBRO
Número Internacional Estándar del Libro 84-309-3883-4
040 ## - FUENTE DE CATALOGACIÓN
Centro catalogador/agencia de origen M-BN
Lengua de catalogación spa
Centro/agencia transcriptor M-BN
080 ## - NÚMERO DE LA CLASIFICACIÓN DECIMAL UNIVERSAL
Número de la Clasificación Decimal Universal 347.27(460)"19/20"(094.5)
110 1# - ENTRADA PRINCIPAL--NOMBRE DE ENTIDAD CORPORATIVA
Nombre de entidad corporativa o nombre de jurisdicción como elemento de entrada España
9 (RLIN) 3622
240 10 - TÍTULO UNIFORME
Título uniforme Leyes, etc., hipotecarias
245 10 - MENCIÓN DEL TÍTULO
Título Legislación hipotecaria concordada y comentada
Resto del título : con jurisprudencia y resoluciones de la Dirección General de los Registros y del Notariado /
Mención de responsabilidad, etc. [compilada por] Fernando Morillo González, Francisco Echeverría Summers, José Carlos Erdozain López.
260 ## - PUBLICACIÓN, DISTRIBUCIÓN, ETC.
Lugar de publicación, distribución, etc. Madrid :
Nombre del editor, distribuidor, etc. Tecnos,
Fecha de publicación, distribución, etc. [2003]
300 ## - DESCRIPCIÓN FÍSICA
Extensión 1019 p. ;
Dimensiones 24 cm.
490 1# - MENCIÓN DE SERIE
Mención de serie Textos legales comentados
500 ## - NOTA GENERAL
Nota general Indice.
650 #4 - PUNTO DE ACCESO ADICIONAL DE MATERIA--TÉRMINO DE MATERIA
Término de materia o nombre geográfico como elemento de entrada Hipotecas-
Subdivisión geográfica España-
Subdivisión de forma Legislación.
9 (RLIN) 13366
700 1# - ENTRADA AGREGADA--NOMBRE PERSONAL
Nombre de persona Morillo González, Fernando.
9 (RLIN) 83559
700 1# - ENTRADA AGREGADA--NOMBRE PERSONAL
Nombre de persona Echeverría Summers, Francisco M.
9 (RLIN) 46588
700 1# - ENTRADA AGREGADA--NOMBRE PERSONAL
Nombre de persona Erdozain López, José Carlos.
9 (RLIN) 47376
830 0# - PUNTO DE ACCESO ADICIONAL DE SERIE-TÍTULO UNIFORME
Título uniforme Textos legales comentados
9 (RLIN) 230897
852 ## - LOCALIZACIÓN
Ubicación ES-MaACL
Número de control de estantería A-15188
itemnumber 69946
Ubicación en estantería Depósito 1
Signatura antigua Olim: L 347.27(460)"2008" ESP
-- Olim: Meseton
942 ## - ELEMENTOS DE ENTRADA SECUNDARIOS (KOHA)
Fuente del sistema de clasificación o colocación Clasificación decimal universal
Holdings
Estatus retirado Estado de pérdida Fuente del sistema de clasificación o colocación Estado de daño No para préstamo Biblioteca de origen Biblioteca actual Ubicación en estantería Fecha de adquisición Total de préstamos Signatura topográfica completa Código de barras Visto por última vez Precio de reemplazo Tipo de ítem Koha
    Clasificación decimal universal     Biblioteca del Ateneo de Madrid Biblioteca del Ateneo de Madrid Depósito 1 17/01/2008   A-15188 1070611 23/02/2023 23/02/2023 Libro impreso